Multiprofessional communication : (رقم التسجيلة. 14289)

تفاصيل مارك
000 -الفاتح
حقل البيانات ثابتة الطول 01194cam a2200349 a 4500
001 - رقم الضبط
رقم الضبط 7128285
003 - محدد رقم الضبط
رقم الضبط OSt
005 - وقت وتاريخ اخر تعامل مع التسجيلة
رقم الضبط 20150408113918.0
008 - عناصر البيانات ثابتة الطول - معلومات عامة
حقل البيانات ثابتة الطول 110908s2008 enka f b 001 0 eng
020 ## - الرقم الدولى المعيارى للكتب
الرقم الدولى المعيارى للكتاب 9780335228553 (hbk.)
020 ## - الرقم الدولى المعيارى للكتب
الرقم الدولى المعيارى للكتاب 0335228550 (hbk.)
020 ## - الرقم الدولى المعيارى للكتب
الرقم الدولى المعيارى للكتاب 0335228569 (pbk.)
020 ## - الرقم الدولى المعيارى للكتب
الرقم الدولى المعيارى للكتاب 9780335228560 (pbk.)
024 ## - معرف معيارى اخر
الرقم او الرمز المعيارى 40016513400
035 ## - رقم ضبط النظام
رقم ضبط النظام (OCoLC)ocn225873539
035 ## - رقم ضبط النظام
رقم ضبط النظام (OCoLC)225873539
035 ## - رقم ضبط النظام
رقم ضبط النظام (NNC)7128285
040 ## - مصدر الفهرسة
وكالة الفهرسة الأصلية UKM
وكالة النسخ دار اجنادين
وكالة التعديل BTCTA
-- BAKER
-- YDXCP
-- BWK
-- IUP
-- PUL
-- C#P
082 04 - رقم تصنيف ديوى العشرى
رقم التصنيف 361.3014
رقم الطبعة 21
رقم المادة G G M
100 1# - المدخل الرئيسى - إسم شخصى
الإسم الشخصى Glenny, Georgina.
9 (RLIN) 4126
245 10 - بيان العنوان
العنوان Multiprofessional communication :
بقية العنوان making systems work for children /
بيان المسئوليه,etc Georgina Glenny and Caroline Roaf.
260 ## - PUBLICATION, DISTRIBUTION, ETC. (IMPRINT)
مكان الناشر او الموزع Maidenhead ;
-- New York, NY :
اسم الناشر او الموزع McGraw Hill/Open University Press,
تاريخ النشر أو التوزيع 2008.
300 ## - الوصف المادى
التعداد 138 p. :
تفاصيل ماديه اخرى للوعاء ill. ;
أبعاد الوعاء 23 cm.
504 ## - تبصرة ببليوجرافية
تبصرة ببليوجرافية,الخ Includes bibliographical references (p. [125]-131) and index.
650 #0 - المدخل الاضافى بالموضوع-مصطلح موضوعى
مصطلح موضوعي أو اسم جغرافي كعنصر مدخل Communication in social work.
9 (RLIN) 4127
650 #0 - المدخل الاضافى بالموضوع-مصطلح موضوعى
مصطلح موضوعي أو اسم جغرافي كعنصر مدخل Interprofessional relations.
9 (RLIN) 4128
650 #0 - المدخل الاضافى بالموضوع-مصطلح موضوعى
مصطلح موضوعي أو اسم جغرافي كعنصر مدخل Child welfare.
9 (RLIN) 4129
700 1# - المدخل الاضافى - اسم شخصى
الإسم الشخصى Roaf, Caroline.
9 (RLIN) 4130
942 ## - عناصر المدخل الإضافي( كوها)
مصدر التصنيف او مخطط الترفيف Dewey Decimal Classification
Koha [default] item type DVD
948 1# - معلومات معالجة محلية جزء السلاسل(OCLC); DESIGNATOR (RLIN)
Series part designator, SPT (RLIN) 20090423
b (OCLC) c
c (OCLC) sl13
d (OCLC) MPS
المقتنيات
حالة الفقد نموذج السعر الفعال حالة تلف ليس للاعارة رقم الطلب تاريخ الاكتساب الموقع الحالي الباركود الفرع الرئيسي Date last seen نوع المادة فى نظام كوها مصدر التصنيف او خطة الترفيف Total Checkouts
  2013-03-10     361.3014 G G M 2011-09-08 قسم الاجراءات الفنية (IC) 00101509 قسم الاجراءات الفنية (IC) 2013-03-10 كتاب Dewey Decimal Classification  
  2013-03-10     361.3014 G G M 2011-09-08 قسم الاجراءات الفنية (IC) 00101508 قسم الاجراءات الفنية (IC) 2013-03-10 كتاب Dewey Decimal Classification  
  2013-03-10     361.3014 G G M 2011-09-10 قسم الاجراءات الفنية (IC) 00101511 قسم الاجراءات الفنية (IC) 2013-03-10 كتاب Dewey Decimal Classification  
  2013-03-10     361.3014 G G M 2011-09-10 قسم الاجراءات الفنية (IC) 00101510 قسم الاجراءات الفنية (IC) 2013-03-10 كتاب Dewey Decimal Classification